SURVEYING (Record no. 4521)

MARC details
000 -LEADER
fixed length control field 00374nam a22001577a 4500
008 - FIXED-LENGTH DATA ELEMENTS--GENERAL INFORMATION
fixed length control field 260209b |||||||| |||| 00| 0 eng d
020 ## - INTERNATIONAL STANDARD BOOK NUMBER
ISBN 9788170088530
100 ## - MAIN ENTRY--AUTHOR
Author Arora, K. R
245 ## - TITLE STATEMENT
Title SURVEYING
250 ## - EDITION STATEMENT
Edition statement 13th
260 ## - PUBLICATION, DISTRIBUTION, ETC. (IMPRINT)
Place of publication Nai-Sarak
Name of publisher PVT Rayson Publication Ltd.
300 ## - COLLATION
Pagination xiii,681p.
Other physical details illus
650 ## - TRACINGS
Main Subject Surveying
942 ## - ADDED ENTRY ELEMENTS (KOHA)
Item type Books

No items available.